| 000 | 00525nam a2200157 a 4500 | ||
|---|---|---|---|
| 005 | 20221118063435.0 | ||
| 008 | 991125s1920 mx 000 0 spa u | ||
| 035 | _aUPN01000001466 | ||
| 049 | _aLT | ||
| 050 | 4 |
_aLB1573 M6.5 _bR6.2 |
|
| 245 | 0 | 0 |
_aAlegría del hogar : _bhistoria de una niña hacendosa / _cpor una profesora normalista ; rev. y correg. por Manuel Rodríguez-Navas |
| 260 |
_aMéxico : _bHerrero, _c1920. |
||
| 300 |
_a242 p. : _bil. |
||
| 650 | 4 |
_aLectura _xEstudio y enseñanza (Elemental) _92805 |
|
| 905 | _aLibro | ||
| 999 |
_c1466 _d1466 |
||